| 000 | 01008nam a22003617a 4500 | ||
|---|---|---|---|
| 001 | BR2024002011 | ||
| 003 | BR-BrBNA | ||
| 005 | 20241104232718.0 | ||
| 008 | 241104b bl.||||| |||| 00| 0 por d | ||
| 040 |
_aBR-BrBNA _bpor |
||
| 041 | _apor | ||
| 072 | _aD10 ; E10 ; E71 | ||
| 090 | _aD10 BR2024002011 | ||
| 110 | _aMinistério da Agricultura e Pecuária, Brasília, DF (Brasil) | ||
| 245 | _a500 dias reconstruindo o Brasil | ||
| 260 |
_aBrasília, DF (Brasil) _c2024 |
||
| 300 | _a47 p. | ||
| 500 | _aSummary (por); 11 illus.; 9 tables; 1 graph | ||
| 505 | _aDEFESA AGROPECUÁRIA | ||
| 650 | _aADMINISTRAÇÃO PÚBLICA | ||
| 650 | _aPOLÍTICA AGRÍCOLA | ||
| 650 | _aPOLÍTICA GOVERNAMENTAL | ||
| 650 | _aFOMENTO AGRÍCOLA | ||
| 650 | _aAGRONEGÓCIO | ||
| 650 | _aACORDO COMERCIAL | ||
| 650 | _aEXPORTAÇÃO | ||
| 650 | _aDEFESA ANIMAL | ||
| 650 | _aDEFESA VEGETAL | ||
| 650 | _aINVESTIMENTO | ||
| 650 | _aSUSTENTABILIDADE | ||
| 909 |
_a202411 _bFernando |
||
| 942 | _cBK | ||
| 999 |
_c328421 _d328421 |
||